Maîtres de cérémonie des César - Statistiques

Statistiques générales
  • Ce quiz a été pris 151 fois
    106 depuis la dernière actualisation
  • Le résultat moyen est 28 sur 54
Statistiques - réponses
Année Maître/maîtresse de cérémonie % Correct
1996 Antoine de Caunes
91%
1997 Antoine de Caunes
91%
1998 Antoine de Caunes
91%
1999 Antoine de Caunes
91%
2008 Antoine de Caunes
91%
2009 Antoine de Caunes
91%
2011 Antoine de Caunes
91%
2012 Antoine de Caunes
91%
2013 Antoine de Caunes
91%
2016 Florence Foresti
88%
2020 Florence Foresti
88%
2006 Valérie Lemercier
72%
2007 Valérie Lemercier
72%
2010 Valérie Lemercier
72%
2000 Alain Chabat
68%
2001 Édouard Baer
66%
2002 Édouard Baer
66%
2015 Édouard Baer
66%
2017 Jérôme Commandeur
65%
2021 Marina Fois
60%
2004 Gad Elmaleh
58%
2005 Gad Elmaleh
58%
Gad Elmaleh
58%
2019 Kad Merad
57%
1986 Michel Drucker
54%
1987 Michel Drucker
54%
1988 Michel Drucker
54%
2018 Manu Payet
52%
2014 Cécile de France
49%
1976 Pierre Tchernia
45%
1977 Pierre Tchernia
45%
1978 Pierre Tchernia
45%
1979 Pierre Tchernia
45%
1980 Pierre Tchernia
45%
1981 Pierre Tchernia
45%
1982 Pierre Tchernia
45%
1985 Pierre Tchernia
45%
Pierre Tchernia
45%
1989 Pierre Tchernia
45%
Pierre Tchernia
45%
1984 Léon Zitrone
34%
1994 Fabrice Luchini
25%
1992 Frédéric Mitterrand
22%
1993 Frédéric Mitterrand
22%
2003 Géraldine Pailhas
22%
Clémentine Célarié
17%
Jane Birkin
17%
Jean-Claude Brialy
17%
1983 Jean-Claude Brialy
17%
1995 Jean-Claude Brialy
17%
Jacques Martin
11%
1990 Eve Ruggieri
5%
Peter Ustinov
5%
1991 Richard Bohringer
3%
Aucun quiz correspondant
Distribution des résultats
% des personnes avec chaque résultat
Percentile par nombre de réponses
Votre historique - résultats
Vous n’avez pas pris ce quiz depuis la dernière actualisation